000 00221nam a22000857a 4500
999 _c17379
_d17379
003 ASAB
005 20170421132708.0
008 150917t xxu||||| |||| 00| 0 eng d
020 _a81-313-0006-4
040 _cASAB
082 _a363.17
100 _aDilip kumar markandey
_91191
245 _aEnvironmental surveillance
_cby Dilip Kumar Markandey
260 _aNew Delhi
_bA.P.H Publishing Corporation
_cc2006
300 _aVarious Pages
440 _v3 volume set
942 _2ddc
_cBK